Every Village In Niue - Statistics

General Stats
  • This quiz has been taken 50 times
  • The average score is 6 of 13
Answer Stats
Rank Village Population % Correct
1 Alofi 597
100%
8 Liku 98
59%
2 Hakupu 220
53%
12 Toi 22
53%
9 Lakepa 87
47%
7 Mutalau 100
47%
10 Makefu 70
41%
13 Namukulu 11
41%
6 Tuapa 112
41%
5 Vaiea 115
41%
4 Avatele 143
35%
11 Hikutavake 49
35%
3 Tamakautoga 160
35%
No matching quizzes found
Score Distribution
Percent of People with Each Score
Percentile by Number Answered
Your Score History
You have not taken this quiz